Európa a jogállamiság mintaképe lehetne
Elmentve itt :
| Dokumentumtípus: | Cikk |
|---|---|
| Megjelent: |
2003-04-02
|
| Sorozat: | Délmagyarország
93 No. 77 |
| Kulcsszavak: | Bodnár László |
| Online Access: | http://dmarchiv.bibl.u-szeged.hu/124869 |
| LEADER | 00415nab a2200145 i 4500 | ||
|---|---|---|---|
| 001 | delm124869 | ||
| 005 | 20191125133039.0 | ||
| 008 | 191125s2003 hu o 0|| hun d | ||
| 040 | |a SZTE Délmagyarország Archívum |b hun | ||
| 041 | |a hun | ||
| 245 | 0 | 0 | |a Európa a jogállamiság mintaképe lehetne |h [elektronikus dokumentum] |
| 260 | |c 2003-04-02 | ||
| 300 | |a 9 | ||
| 490 | 0 | |a Délmagyarország |v 93 No. 77 | |
| 695 | |a Bodnár László | ||